Кинетика и регулирование ядерных реакторов: Труды симпозиума, Аризона, март 1963 г.; пер. с англ.

Bibliografiske detaljer
Institution som forfatter: Кинетика и регулирование ядерных реакторов симпозиум
Andre forfattere: Гаврилов П. А. (переводчик)
Sprog:russisk
Udgivet: Москва, Атомиздат, 1967
Fag:
Format: Bog
KOHA link:https://koha.lib.tpu.ru/cgi-bin/koha/opac-detail.pl?biblionumber=50554

MARC

LEADER 00000nam0a2200000 4500
001 50554
005 20231031033224.0
035 |a (RuTPU)RU\TPU\book\52934 
090 |a 50554 
100 |a 20030417d1967 k y0rusy50 ca 
101 1 |a rus  |c eng 
102 |a RU 
105 |a a z 101zy 
200 1 |a Кинетика и регулирование ядерных реакторов  |e Труды симпозиума, Аризона, март 1963 г.  |e пер. с англ.  |f Пер. под ред. П. А. Гаврилова 
210 |a Москва  |c Атомиздат  |d 1967 
215 |a 283 с.  |c ил. 
320 |a Библиогр. в конце статей 
610 1 |a ядерные реакторы 
610 1 |a кинетика 
610 1 |a динамика 
610 1 |a кипящие реакторные системы 
610 1 |a импульсные реакторы 
610 1 |a стабильность 
610 1 |a симпозиумы 
610 1 |a Аризона 
675 |a 621.039.5(063)  |v 3 
702 1 |a Гаврилов  |b П. А.  |4 730 
712 1 2 |a Кинетика и регулирование ядерных реакторов  |b симпозиум  |e Аризона  |f 1963 
801 1 |a RU  |b 63413507  |c 20030417  |g PSBO 
801 2 |a RU  |b 63413507  |c 20210831  |g PSBO 
942 |c BK